00398cam a22001217a 4500008004000000082001900040100002600059245010000085260002400185300001000209650002700219650003000246180718b1987 xxu||||| |||| 00| 0 eng d aB142x5461 V799 aVinze, Medha Dubhashi aWomen entrepreneurs in India: a socio-economic study of Delhi, 1975-85cby Medha Dubhashi Vinze aDelhibMittalc1987 a238p. aEnterpreneurs - Delhi. aWomen in business - Delhi